1172 1714 1994 1511 1059 1397 1214 1269 1658 1765 1380 1984 1162 1732 1066 1187 1759 1818 1906 1566 1608 1556 1764 1621 1478 1043 1612 1193 1109 1893 1642 1415 1982 1152 1562 1851 1680 1992 1231 1865 1999 1568 1936 1384 1686 1221 1357 1729 1870 1225 1599 1600 1482 1723 1204 1422 1495 1813 1751 1477 1474 1764 1334 1170 1373 1635 1471 1251 1827 1666 1561 1232 1077 1488 1241 1264 1663 1547 1521 1200 1112 1866 1070 1537 1090 1927 1290 1708 1203 1195 1159 1160 1488 1820 1425 1903 1856 1122 1886 BCNSPRNW ULIB Ver.6.0+V

เปลี่ยนเป็นภาษาไทย

Change to English
 แสดงรายละเอียดบรรณานุกรม
  กลับหน้าหลัก

Brief Record : Get Marc (ISO 2709) : E-mail record : QR code < ปิดหน้าต่าง
LEADER : 00000nam 2200000uu 4500
001    13399114915
003     ULIB
008    120621s2547||||th 000 0 tha d
020    ^a9740864112
060  4 ^aQS4^bว365ก
100 0  ^aริชาร์ด วอล์คเกอร์
245 10 ^aร่างกายของมนุษย์ กล้ามเนื้อ /^cแฟรงคลิน วัตต์ส
246 32 ^aเราเคลื่อนไหวและออกกำลังกายอย่างไร
250    ^aพิมพ์ครั้งที่ 3
260    ^aกรุงเทพฯ :^bไทยวัฒนาพานิช,^c2547
500    ^aกล้ามเนื้อ.
945    ^p290^l0^i24849
995    ^aกัณชพร
999    ^aใช้งานได้ทุกระบบ
รายการนี้ยังไม่มีแท็ก
คุณยังไม่ได้ล็อกอิน คุณสามารถมีกิจกรรมร่วมกับเว็บไซต์ได้ แต่ต้องล็อกอินก่อน ::
  ล็อกอิน

รายการสื่อสารสนเทศ

ลำดับที่ ประเภท เลขเรียก/บาร์โค้ด สถานที่ สถานะ
- ไม่พบข้อมูล -

รายการใกล้เคียง
    ผู้แต่ง [ริชาร์ด วอล์คเกอร์]

BibComment


ยังไม่เคยถูกคอมเมนท์

คอมเมนท์ทรัพยากรรายการนี้
  คอมเมนท์: ร่างกายของมนุษย์..


 Copyright 2026. Bcnsprnw @Library